书目信息 |
| 题名: |
做一个懂感恩负责任重效率的好员工
|
|
| 作者: | 胡成国 主编 | |
| 分册: | ||
| 出版信息: | 北京 中国纺织出版社 2016 |
|
| 页数: | 238页 | |
| 开本: | 24cm | |
| 丛书名: | ||
| 单 册: | ||
| 中图分类: | F272.921 | |
| 科图分类: | ||
| 主题词: | 企业管理--职业道德 | |
| 电子资源: | ||
| ISBN: | 978-7-5180-2330-1 | |
| 000 | 00764nam0 2200253 450 | |
| 001 | 351494 | |
| 005 | 20161017105733.13 | |
| 010 | @a978-7-5180-2330-1@dCNY32.80 | |
| 100 | @a20160510d2016 em y0chiy50 ea | |
| 101 | 0 | @achi |
| 102 | @aCN@b110000 | |
| 105 | @ay z 000yy | |
| 106 | @ar | |
| 200 | 1 | @a做一个懂感恩负责任重效率的好员工@f成果主编 |
| 205 | @a2版 | |
| 210 | @a北京@c中国纺织出版社@d2016 | |
| 215 | @a238页@d24cm | |
| 300 | @a员工素质内部培训用书 | |
| 330 | @a本书论述了感恩、责任和效率的重要性,是一本帮助员工开启智慧、提升自我的规划书,也是一本最佳的员工培训书。 | |
| 606 | 0 | @a企业管理@x职业道德 |
| 690 | @aF272.921@v5 | |
| 701 | 0 | @a胡成国@f(1955.10~)@4主编 |
| 801 | 0 | @aCN@bTANGWEI@c20160820 |
| 905 | @b0894960-4@dF272.921@e1321=2@f5 | |
| 做一个懂感恩负责任重效率的好员工/成果主编.-2版.-北京:中国纺织出版社,2016 |
| 238页;24cm |
| 员工素质内部培训用书 |
| ISBN 978-7-5180-2330-1:CNY32.80 |
| 本书论述了感恩、责任和效率的重要性,是一本帮助员工开启智慧、提升自我的规划书,也是一本最佳的员工培训书。 |
| ● |
| 相关链接 |
|
|
|
|
正题名:做一个懂感恩负责任重效率的好员工
索取号:F272.921/1321=2
 
预约/预借
| 序号 | 登录号 | 条形码 | 馆藏地/架位号 | 状态 | 备注 |
| 1 | 0894960 | 208949600 | 第一样本阅览室/ [索取号:F272.921/1321=2] | 在馆 | |
| 2 | 0894961 | 208949619 | 第一借阅区/ [索取号:F272.921/1321=2] | 在馆 | |
| 3 | 0894962 | 208949628 | 第一借阅区/ [索取号:F272.921/1321=2] | 在馆 | |
| 4 | 0894963 | 208949637 | 第一借阅区/ [索取号:F272.921/1321=2] | 在馆 | |
| 5 | 0894964 | 208949646 | 密集书库-海洋学院/ [索取号:F272.921/1321=2] | 在馆 |